00418 a2200109 4500001001000000005001700010008004100027245009400068100002500162700002200187773009900209ART_2650520260410161940.0260409a 10aLa privatización de SOMISA y su impacto en la producción y el empleo en San Nicolás1 aRofman, Alejandro B.1 aPeñalva, Susana0 tCiclos en la historia, la economía y la sociedadg- Vol. V, Nº 8 (ene./jun. 1995)wREV26321